<?xml version='1.0' encoding='UTF-8'?>
  <record xmlns="http://www.loc.gov/MARC21/slim">
    <leader>00000ccm a22000007i 4500</leader>
    <controlfield tag="001">ocn902593855</controlfield>
    <controlfield tag="003">OCoLC</controlfield>
    <controlfield tag="005">20250628091954.3</controlfield>
    <controlfield tag="008">150129s1902    ne uuuu        n  u dut d</controlfield>
    <datafield tag="040" ind1=" " ind2=" ">
      <subfield code="a">NLGGC</subfield>
      <subfield code="b">dut</subfield>
      <subfield code="e">fobidrtb</subfield>
      <subfield code="c">NLGGC</subfield>
      <subfield code="d">QGJ</subfield>
      <subfield code="d">OCLCL</subfield>
      <subfield code="d">OCLCQ</subfield>
    </datafield>
    <datafield tag="035" ind1=" " ind2=" ">
      <subfield code="a">(OCoLC)902593855</subfield>
    </datafield>
    <datafield tag="100" ind1="1" ind2=" ">
      <subfield code="a">Coenders, Emile.</subfield>
    </datafield>
    <datafield tag="245" ind1="1" ind2="0">
      <subfield code="a">Darthula :</subfield>
      <subfield code="b">lyrisch drama in twee bedrijven /</subfield>
      <subfield code="c">woorden van Emile Coenders ; muziek van S. van Milligen.</subfield>
    </datafield>
    <datafield tag="260" ind1=" " ind2=" ">
      <subfield code="a">Amsterdam :</subfield>
      <subfield code="b">van Munster,</subfield>
      <subfield code="c">1902.</subfield>
    </datafield>
    <datafield tag="300" ind1=" " ind2=" ">
      <subfield code="a">Libretto (28 p.) ;</subfield>
      <subfield code="c">17 cm.</subfield>
    </datafield>
    <datafield tag="336" ind1=" " ind2=" ">
      <subfield code="a">muzieknotatie</subfield>
      <subfield code="b">ntm</subfield>
      <subfield code="2">rdacontent/dut</subfield>
    </datafield>
    <datafield tag="337" ind1=" " ind2=" ">
      <subfield code="a">zonder medium</subfield>
      <subfield code="b">n</subfield>
      <subfield code="2">rdamedia/dut</subfield>
    </datafield>
    <datafield tag="338" ind1=" " ind2=" ">
      <subfield code="a">band</subfield>
      <subfield code="b">nc</subfield>
      <subfield code="2">rdacarrier/dut</subfield>
    </datafield>
    <datafield tag="500" ind1=" " ind2=" ">
      <subfield code="a">Repertoire van de Nederlandsche Opera onder C. van der Linden.</subfield>
    </datafield>
    <datafield tag="700" ind1="1" ind2=" ">
      <subfield code="a">Milligen, Simon van,</subfield>
      <subfield code="d">1849-1922.</subfield>
    </datafield>
    <datafield tag="758" ind1=" " ind2=" ">
      <subfield code="a">Darthula (NotatedMusic)</subfield>
      <subfield code="1">https://id.oclc.org/worldcat/entity/E39PCXMdXHvPqkx64M38GRV898</subfield>
      <subfield code="4">https://id.oclc.org/worldcat/ontology/hasWork</subfield>
    </datafield>
    <datafield tag="856" ind1="4" ind2="1">
      <subfield code="u">http://objects.library.uu.nl/reader/resolver.php?obj=001854488&amp;type=2</subfield>
      <subfield code="x">Online</subfield>
      <subfield code="z">Full Text</subfield>
    </datafield>
    <datafield tag="936" ind1=" " ind2=" ">
      <subfield code="a">BATCHLOAD</subfield>
    </datafield>
  </record>